• 首页
  • 本馆介绍
  • 公告通知
  • 最新文献
  • 馆藏检索
  • 电子资源
  • 读者导购
  • 参考咨询
  • 我的图书馆
  • 登录
  • 期刊详细显示
  • 现刊情况显示
  • 合订本情况显示
  • 篇目信息显示

期刊信息

  • 表格格式
  • 工作单格式
  • 卡片格式
索取号 
C96/RCTD
题名 
人才天地
作者 
该杂志社
分册号 
分册名 
出版地 
西宁
出版者 
该杂志社
标准刊号 
出版频率 
季刊
中图法分类 
C96
主题词 
人才学
电子资源 
000 01265nas 02200373 45
001 1196020630
005 20070419145926.87
011    @d¥0.60(1987)
092    @aCN@b18-4@cBM857
100    @a19930618b19841987m y0chiy0121 eb
101 0  @achi@eeng
102    @aCN@b630000
110    @aafaz 0yu0
200 1  @a人才天地@AREN CAI TIAN DI@dTalents' arena@zeng@f该杂志社@FGAI ZA ZHI SHE
207  0 @a试刊:1983,no.1(1983,7)~1984,增刊(1984)=总1~3;1984,no.1(1984,2)~1987,no.12(1987,10)=总4~43
210    @a西宁@b青海省西宁市七一路224号@c该杂志社@d1984~87
215    @a43no.@d26cm
300    @a李耕砚题写刊名
300    @a1987年起有英文目次
326    @a季刊@b1984
326    @a月刊@b1985~87
326    @a双月刊@b1983
327 0  @a人才巡礼@a人才专访@a大西北论坛@a人才沙龙@a人才学探索
510 1  @aTalent's arena@zeng
540 1  @a人才 天地@AREN CAI TIAN DI
606 0  @a人才学
676    @a658.3@v19
690    @aC96@v3
690    @aC96@v4
701  0 @a吴江@AWU JIANG@4主编
711 02 @a青海省人才研究会@AQING HAI SHENG REN CAI YAN JIU HUI@4主办
711 02 @a光明日报社记者部@AGUANG MING RI BAO SHE JI ZHE BU@4主办
801  0 @aCN@bPFT@c20070419
905    @a1@cQ@dC96@eRCTD@V1983,no.2~1987,no.12(缺1984,no.1,增刊)@y1983~87
    
    人才天地=Talents' arena/该杂志社.-试刊:1983,no.1(1983,7)~1984,增刊(1984)=总1~3;1984,no.1(1984,2)~1987,no.12(1987,10)=总4~43.-西宁(青海省西宁市七一路224号):该杂志社,1984~87
    43no.;26cm
    李耕砚题写刊名.-1987年起有英文目次
    部分内容:人才巡礼;人才专访;大西北论坛;人才沙龙;人才学探索
    ¥0.60(1987)
    
●
相关链接: 在易读查询期刊 在中国知网中查询期刊 在万方数据查询期刊 在维普查询期刊
唐山师范学院图书馆 欢迎您!
大连网信软件有限公司© 版权所有